LEADER 01017nam a2200253 4500 001 000000350836 003 CaOOAMICUS 005 20220707101553.0 008 220707s1978 it 000 u ita r 040 $aSeMil$bita 240 04$aLes Chretiens.$0(OLS)http://semarc/title/440648 245 03$aIl cristianesimo /$ctraduzione di Marina Girardet. 264 1$aMilano :$bBUR,$c1978. 300 $a267 p. ;$c18 cm 490 1 $aBUR. Mondo attuale ;$v8 650 4$aCristianesimo - Enciclopedie e dizionari.$0(OLS)http://semarc/subject/163 700 1 $aGirardet, Marina.$0(OLS)http://semarc/name/116152 830 0$aBUR. Mondo attuale ;$v8.$0(OLS)http://semarc/title/440650 850 $aSeMil 852 $aSeMil$W1$xVenegono$y1$m2D I 523$j234065$B241877$CSeMilBibl$Z2$F241877 $81 961 $aRecupero da Biblioteca Seminario di Seveso 996 $6245$aIl cristianesimo$9(OLS)http://semarc/title/266143 996 $6264$aMilano :$bBUR$9(OLS)http://semarc/publisher/31429 LEADER 01926nam a2200361 i 4500 001 000000113445 003 CaOOAMICUS 005 20201102115410.0 008 030325s2002 it u100 u ita u 013 $a86131 020 $a88-464-3908-2 040 $aSeMil$bita 111 2 $aConvegno «Dibattito sulla globalizzazione» <2001 ; Milano>.$0(OLS)http://semarc/name/47470 245 10$aDibattito sulla globalizzazione :$bConvegno nazionale di studio, Milano, 31 maggio-1 giugno 2001 /$cGiancarlo Mazzocchi, Andrea Villani (a cura di) 264 1$aMilano :$bFranco Angeli,$c2002. 300 $a458 p. ;$c23 cm. 500 $aDono del Card. Dionigi Tettamanzi. 650 4$aEconomia mondiale - Aspetti socio-culturali - Atti di congressi.$0(OLS)http://semarc/subject/39026 650 4$aGlobalizzazione - Aspetti etici e sociali.$0(OLS)http://semarc/subject/17403 700 1 $aVillani, Andrea.$0(OLS)http://semarc/name/47474 700 1 $aMazzocchi, Giancarlo <1927-2005>.$0(OLS)http://semarc/name/4191 710 2 $aUniversità Cattolica del Sacro Cuore : Dipartimento di Economia Internazionale, delle Istituzioni, dello Sviluppo.$0(OLS)http://semarc/name/47471 710 2 $aCentro di studi sulla dottrina sociale della Chiesa.$0(OLS)http://semarc/name/47473 710 2 $aIstituto di politica economica.$0(OLS)http://semarc/name/47472 830 0$aUniversità ;$v33.$0(OLS)http://semarc/title/431663 850 $aSeMil 852 $aSeMil$W1$xVenegono$y1$m3N VI 286$j69134$B69134$CSeMilBibl$Z2$F85618 $81 941 1 $a5 961 $aOmaggio: Tettamanzi Card. Dionigi 996 $6020$a88-464-3908-2$9(OLS)http://semarc/number/96403 996 $6245$aDibattito sulla globalizzazione :$bConvegno nazionale di studio, Milano, 31 maggio-1 giugno 2001$9(OLS)http://semarc/title/165625 996 $6264$aMilano :$bFranco Angeli$9(OLS)http://semarc/publisher/30369